[Event "Dortmund Sparkassen op 47th"]
[Site "Dortmund"]
[Date "2019.07.13"]
[Round "1"]
[White "Stock, Tobias W"]
[Black "Quast, Marcel"]
[Result "0-1"]
[WhiteElo "2001"]
[BlackElo "2248"]
[PlyCount "28"]
[EventDate "2019.07.13"]
[EventType "swiss"]
[EventRounds "9"]
[EventCountry "GER"]
[SourceTitle "EXT 2020"]
[Source "ChessBase"]
[SourceDate "2019.10.17"]
[SourceVersion "1"]
[SourceVersionDate "2019.10.17"]
[SourceQuality "1"]

1. d4 Nf6 2. c4 c5 3. d5 b5 4. Bg5 Ne4 5. Bf4 Qa5+ 6. Nd2 bxc4 7. f3 Nxd2 8. Bxd2 Qc7 9. e4 e6 10. Bxc4 Bd6 11. Ne2 Bb7 12. f4 exd5 13. exd5 0-0 14. 0-0 Be7 0-1

[Event "Dortmund Sparkassen op-A 46th"]
[Site "Dortmund"]
[Date "2018.07.17"]
[Round "4"]
[White "Quast, Marcel"]
[Black "Naidich, Vasily"]
[Result "1-0"]
[WhiteElo "2247"]
[BlackElo "2088"]
[PlyCount "137"]
[EventDate "2018.07.14"]
[EventType "swiss"]
[EventRounds "9"]
[EventCountry "GER"]
[SourceTitle "CBM 185 Extra"]
[Source "ChessBase"]
[SourceDate "2018.07.29"]
[SourceVersion "1"]
[SourceVersionDate "2018.07.29"]
[SourceQuality "1"]

1. e4 c5 2. c3 d5 3. exd5 Qxd5 4. d4 e6 5. Nf3 Nf6 6. Na3 a6 7. Nc2 Nc6 8. Be2 Be7 9. 0-0 cxd4 10. Nfxd4 Nxd4 11. Nxd4 e5 12. Nf3 Qxd1 13. Rxd1 Nd7 14. Nd2 Kd8 15. Nc4 Kc7 16. f4 Bc5+ 17. Kh1 f6 18. fxe5 fxe5 19. Rd5 Re8 20. Bg4 Kc6 21. Rd1 Nf6 22. Be2 Bg4 23. Na5+ Kc7 24. Re1 h6 25. Bd3 Rad8 26. Bc2 e4 27. Bf4+ Bd6 28. Be3 b6 29. Nc4 Bc5 30. Bxc5 bxc5 31. Ne3 Be6 32. c4 Rd4 33. b3 Red8 34. h3 Kd6 35. Nf1 Ke5 36. Re3 Bf5 37. Rae1 a5 38. R1e2 g5 39. Nh2 R4d6 40. Nf1 Bg6 41. g4 h5 42. Ng3 Rd2 43. gxh5 Rxe2 44. Rxe2 Bf5 45. Kg2 Rh8 46. Rf2 Bc8 47. Bd1 Rd8 48. Bc2 Rh8 49. Re2 Bb7 50. Kf2 Nxh5 51. Nxe4 Nf4 52. Nxg5+ Kf6 53. Nh7+ Kf7 54. Re5 Nxh3+ 55. Kg3 Ng1 56. Rxc5 Ne2+ 57. Kf2 Nd4 58. Bd3 Ke6 59. Rxa5 Nc6 60. Rb5 Ba8 61. Bf5+ Kd6 62. Rd5+ Kc7 63. Rd7+ Kb6 64. Ke3 Kc5 65. a3 Rb8 66. Rd5+ Kb6 67. Rb5+ Kc7 68. Rxb8 Kxb8 69. b4 1-0

[Event "Gelsenkirchen Silvester op 5th"]
[Site "Gelsenkirchen"]
[Date "2017.12.29"]
[Round "4"]
[White "Quast, Marcel"]
[Black "Schimnatkowski, Lukas"]
[Result "1/2-1/2"]
[WhiteElo "2205"]
[BlackElo "2031"]
[PlyCount "73"]
[EventDate "2017.12.27"]
[EventType "swiss"]
[EventRounds "5"]
[EventCountry "GER"]
[SourceTitle "CBM 182 Extra"]
[Source "ChessBase"]
[SourceDate "2018.02.23"]
[SourceVersion "1"]
[SourceVersionDate "2018.02.23"]
[SourceQuality "1"]

1. e4 c5 2. d4 cxd4 3. c3 dxc3 4. Nxc3 Nc6 5. Nf3 e6 6. Bc4 a6 7. 0-0 Qc7 8. Qe2 b5 9. Bb3 Nge7 10. Rd1 Na5 11. Nd4 Ng6 12. Be3 Be7 13. Rac1 Qb8 14. a3 0-0 15. f4 Bb7 16. Bf2 Nxb3 17. Nxb3 Bc6 18. Na5 Qc7 19. Nxc6 dxc6 20. e5 Rfd8 21. Rxd8+ Rxd8 22. Ne4 Bf8 23. Qc2 Rc8 24. Ng5 Be7 25. Ne4 Nf8 26. Bc5 Bxc5+ 27. Qxc5 Nd7 28. Qd6 Nb8 29. Qc5 Nd7 30. Qe7 Nb6 31. Qc5 Na4 32. Qd4 Qb6 33. Qxb6 Nxb6 34. Nd6 Rc7 35. Ne8 Rc8 36. Nd6 Rc7 37. Ne8 1/2-1/2

[Event "Gelsenkirchen Silvester op 5th"]
[Site "Gelsenkirchen"]
[Date "2017.12.28"]
[Round "3"]
[White "Patscha, Elias"]
[Black "Quast, Marcel"]
[Result "0-1"]
[WhiteElo "1971"]
[BlackElo "2205"]
[PlyCount "98"]
[EventDate "2017.12.27"]
[EventType "swiss"]
[EventRounds "5"]
[EventCountry "GER"]
[SourceTitle "CBM 182 Extra"]
[Source "ChessBase"]
[SourceDate "2018.02.23"]
[SourceVersion "1"]
[SourceVersionDate "2018.02.23"]
[SourceQuality "1"]

1. d4 Nf6 2. Nf3 g6 3. Bf4 Bg7 4. e3 0-0 5. Be2 d6 6. h3 c5 7. c3 b6 8. Nbd2 Bb7 9. 0-0 Nbd7 10. Bh2 Re8 11. a4 Rc8 12. a5 cxd4 13. exd4 Bc6 14. axb6 axb6 15. Qb3 Qc7 16. Bc4 e6 17. Ba6 Ra8 18. Bb5 Bf8 19. Rfe1 Qb7 20. Qc4 Bd5 21. Qd3 Rxa1 22. Rxa1 Ra8 23. Re1 Ra2 24. Qb1 Ra5 25. Bd3 b5 26. Qc2 Qc6 27. Bf4 Nb6 28. Bg5 Bg7 29. b3 Qa8 30. Rb1 Bc6 31. Bf4 Bf8 32. c4 b4 33. Be3 Nbd7 34. Ne1 Bg7 35. Bf4 e5 36. dxe5 dxe5 37. Be3 Nc5 38. f3 e4 39. Be2 Nfd7 40. fxe4 Ra2 41. Qd1 Nxe4 42. Nxe4 Bxe4 43. Bf3 Qe8 44. Bxe4 Qxe4 45. Qxd7 Qxe3+ 46. Kh1 Qg3 47. Qe8+ Bf8 48. c5 Qf2 49. Rc1 Re2 0-1

[Event "GER Cup 1617 final"]
[Site "Niederhausen"]
[Date "2017.06.15"]
[Round "2.7"]
[White "Quast, Marcel"]
[Black "Poetsch, Hagen"]
[Result "1/2-1/2"]
[WhiteElo "2241"]
[BlackElo "2486"]
[PlyCount "71"]
[EventDate "2017.06.15"]
[EventType "swiss"]
[EventRounds "5"]
[EventCountry "GER"]
[SourceTitle "EXT 2019"]
[Source "ChessBase"]
[SourceDate "2018.10.10"]
[SourceVersion "1"]
[SourceVersionDate "2018.10.10"]
[SourceQuality "1"]

1. e4 e6 2. d4 d5 3. Nd2 Be7 4. Ngf3 Nf6 5. e5 Nfd7 6. Bd3 c5 7. c3 Nc6 8. 0-0 a5 9. Re1 cxd4 10. cxd4 Qb6 11. Qa4 g5 12. h3 h5 13. Bb5 g4 14. Bxc6 bxc6 15. hxg4 hxg4 16. Nh2 Ba6 17. Ndf1 Bb4 18. Be3 Bxe1 19. Rxe1 Bxf1 20. Nxf1 Rb8 21. Rc1 Qb5 22. Qd1 Rg8 23. b3 f5 24. exf6 Nxf6 25. Ng3 Kd7 26. Bf4 Rbf8 27. Qe1 Ne8 28. Be5 Qb4 29. Qe2 Qb5 30. Qe1 Rf7 31. Rc5 Qb4 32. Qc1 Qb6 33. Qa3 Qb4 34. Qc1 Qb6 35. Qa3 Qb4 36. Qc1 1/2-1/2

[Event "Solingen Karneval op"]
[Site "Solingen"]
[Date "2016.02.07"]
[Round "5"]
[White "Quast, Marcel"]
[Black "Speck, Stefan"]
[Result "1/2-1/2"]
[WhiteElo "2216"]
[BlackElo "1984"]
[PlyCount "90"]
[EventDate "2016.02.05"]
[EventType "swiss"]
[EventRounds "5"]
[EventCountry "GER"]
[SourceTitle "EXT 2018"]
[Source "ChessBase"]
[SourceDate "2017.10.13"]
[SourceVersion "1"]
[SourceVersionDate "2017.10.13"]
[SourceQuality "1"]

1. e4 c5 2. d4 cxd4 3. c3 dxc3 4. Nxc3 d6 5. Bc4 Nc6 6. Nf3 e6 7. 0-0 a6 8. Qe2 Be7 9. Rd1 Qa5 10. Bf4 Ne5 11. Bxe5 dxe5 12. a3 Nf6 13. b4 Qc7 14. Rac1 Qb8 15. Ba2 Bd7 16. Nd2 0-0 17. Nc4 b5 18. Nb2 a5 19. Nd3 axb4 20. axb4 Rc8 21. Bb3 Ra7 22. Nb1 Rac7 23. Rxc7 Qxc7 24. f3 Bxb4 25. g3 Bc5+ 26. Nxc5 Qxc5+ 27. Kg2 g6 28. Qf2 Qxf2+ 29. Kxf2 Kf8 30. Rd6 Ke7 31. Rb6 Ne8 32. Ra6 Nd6 33. Nd2 Nc4 34. Nf1 Rc6 35. Ra2 Rd6 36. Ke2 f5 37. Rc2 Rd4 38. Bxc4 Rxc4 39. Rxc4 bxc4 40. Ne3 Bb5 41. Kd2 Kd6 42. Kc3 Kc5 43. Nf1 Bc6 44. Nd2 Bb5 45. g4 Ba6 1/2-1/2